| 000 | 00759nam a22001577a 4500 | ||
|---|---|---|---|
| 003 | OSt | ||
| 005 | 20160111101428.0 | ||
| 008 | 160111b xxu||||| |||| 00| 0 eng d | ||
| 040 | _cRUA | ||
| 082 | _aGRS KIM 2007 B340 Or.1 | ||
| 100 |
_96232 _aKIM, KOY. |
||
| 245 | _athe effectiveness of the agricultural development project in the land mine vulnerable areas in sampov lun district, battambang province (ប្រសិទ្ធិភាពគំរោងអភិវឌ្ឍន៍កសិកម្មក្នុងតំបន់រងគ្រោះ ដោយសារមីន នៅស្រុកសំពៅលូន ខេត្តបាត់ដំបង) | ||
| 260 |
_aPhnom Penh _bRUA _c2009 |
||
| 300 |
_axi, 47p. _bill. _c29cm. |
||
| 942 |
_2ddc _cGRS |
||
| 999 |
_c5806 _d5806 |
||